000
00291nam a22001337a 4500
008
170821b xxu||||| |||| 00| 0 eng d
020
_a
9781439049372
041
_a
eng
080
_2
7 ED
_a
51
100
_a
51
101
_a
MAT
245
_a
COLLEGE ALGEBRA
_c
BARKER.A
942
_2
udc
_c
BK
999
_c
24242
_d
24242